Faith and sword : a short history of Christian-Muslim conflict /

Saved in:

Main Author: Jamieson, A. G. (Author)

Format: Book

Language: English

Published: London : Reaktion, 2006.

Series: Globalities.

Subjects:

Tags: Add Tag

No Tags, Be the first to tag this record!

Call Number: BP172 .J36 2006

LEADER 01459namaa2200277 4500
001 11929
003 OSt
005 20240728104906.0
008 130303s2006 enkb b 001 0 eng d
952 |0 0  |1 0  |2 lcc  |4 0  |6 BP0172 J36 02006  |7 1  |9 12847  |a ARCE  |b ARCE  |d 2021-06-02  |l 0  |o BP172 .J36 2006  |p 1012203  |r 2021-06-02 00:00:00  |w 2021-06-02  |y BK 
999 |c 12208  |d 12208 
010 |a 2006462695 
020 |a 1861892721 
040 |c ARCE Library 
050 4 |a BP172 .J36 2006 
100 1 |a Jamieson, A. G.  |q (Alan G.),  |e author 
245 1 0 |a Faith and sword :   |b a short history of Christian-Muslim conflict /   |c Alan G. Jamieson. 
264 1 |a London :  |b Reaktion,  |c 2006. 
300 |a 256 pages :  |b maps ;  |c 24 cm. 
490 0 |a Globalities. 
504 |a Includes bibliographical references (pages 223-239) and index. 
505 0 |a 1. Introduction: The Longest War 2. The Arab Conquests, 632-750 3. Byzantine Defiance, 750-1000 4. Rise of the West: Christian Advances in the Eleventh Century 5. Muslim Reaction: Victory over Outremer, Defeat in Spain, 1100-1300 6. Rise of the Ottoman Turks, 1300-1500 7. Ottoman Challenge: The Sixteenth Century 8. Ottoman Revival and Decline, 1600-1815 9. Triumph of the West, 1815-1918 10. Breaking Free, 1918-1979 11. Challenging American, 1879-2005 12. Conclusion: A New Conflict? 
650 0 |a Christianity and other religions  |x Islam  |x History. 
650 0 |a Islam  |x Relations  |x Christianity  |x History. 
901 |a reviewed 
942 |c BK  |2 lcc